Stuck in the works (Record no. 77658)
[ view plain ]
| 000 -LEADER | |
|---|---|
| fixed length control field | 00816cab a2200193 4500 |
| 001 - CONTROL NUMBER | |
| control field | ##L134808 |
| 008 - FIXED-LENGTH DATA ELEMENTS--GENERAL INFORMATION | |
| fixed length control field | 060904n2006 000 0 eng u |
| 035 ## - SYSTEM CONTROL NUMBER | |
| System control number | (Sirsi) u134808 |
| 041 0# - LANGUAGE CODE | |
| Language code of text/sound track or separate title | eng |
| 100 1# - MAIN ENTRY--PERSONAL NAME | |
| Personal name | Morrison, Doug |
| 245 00 - TITLE STATEMENT | |
| Title | Stuck in the works |
| 260 ## - PUBLICATION, DISTRIBUTION, ETC. | |
| Date of publication, distribution, etc. | 2006 |
| 490 #0 - SERIES STATEMENT | |
| Series statement | Property Week |
| Volume/sequential designation | 71(35) 1 September 2006, 50-51(2) |
| 520 ## - SUMMARY, ETC. | |
| Summary, etc. | Discusses criticism by the housebuilder Weston that development in the Thames Gateway is slowing due to delays in the planning process. Weston have claimed that a proposed housing development can typically take over two years to make it through the planning system, and may entail up to three applications and two appeals. |
| 590 ## - LOCAL NOTE (RLIN) | |
| Local note | IKA050906 |
| 651 #4 - SUBJECT ADDED ENTRY--GEOGRAPHIC NAME | |
| Geographic name | LONDON |
| 690 ## - LOCAL SUBJECT ADDED ENTRY--TOPICAL TERM (OCLC, RLIN) | |
| Topical term or geographic name as entry element | ENVIRONMENTAL AND LAND CONSULTANCY-PLANNING AND DEVELOPMENT |
| 942 ## - ADDED ENTRY ELEMENTS (KOHA) | |
| Suppress in OPAC | 0 |
| Withdrawn status | Lost status | Source of classification or shelving scheme | Damaged status | Not for loan | Home library | Current library | Shelving location | Date acquired | Total Checkouts | Full call number | Barcode | Date last seen | Copy number | Price effective from | Koha item type |
|---|---|---|---|---|---|---|---|---|---|---|---|---|---|---|---|
| Dewey Decimal Classification | London | London | Journal article | 04/09/2006 | L134808 | 134808-1001 | 06/08/2019 | 1 | 06/08/2019 | Journal article |